000
00279cam a22000977a 4500
008
180718b1962 xxu||||| |||| 00| 0 eng d
082
_a
K63x42 Un3p
245
_a
Security procedures in the public service
260
_a
London
_b
Her Majesty's Stationery Office
_c
1962
300
_a
42+p.
999
_c
500109
_d
500109